| 000 | 00972nam a2200205Ii 4500 | ||
|---|---|---|---|
| 003 | JO-AjNU | ||
| 008 | 230605s9999||||xx |||||||||||||| ||und|| | ||
| 040 |
_aJO-AjNU _bara _erda _cJO-AjNU |
||
| 041 | _aara | ||
| 050 | 1 | 4 | _aBP189.S28 2003 |
| 100 | 3 |
_aالسوافطة، وفاء أحمد, _eauthor _940846 |
|
| 245 | 0 | 0 | _aأنموذج من الوجود الصوفي في المشرق العربي المدرسة الشاذلية اليشرطية وشيخها علي نور الدين اليشرطي |
| 250 | _aط1 | ||
| 264 | 3 | 1 | _aد.م: المؤلف، 2003 |
| 300 |
_a864ص _bفي الاصل رسالة دكتوراة في الفلسفة من الجامعة اللبنانية-بيروت؛ الملاحق1-4 ص 829-842؛ المصادر والمراجع ص844-860 |
||
| 336 |
_atext _btxt _2rdacontent |
||
| 337 |
_aunmediated _bn _2rdamedia |
||
| 338 |
_avolume _bnc _2rdacarrier |
||
| 650 | 4 |
_aالشاذلية- طرق صوفية- التصوف الاسلامي _940847 |
|
| 999 |
_aA17367 _c20935 _d20935 |
||